Регионална библиотека "Любен Каравелов" - Русе

Конспирацията на богатите (Запис номер 45319)

MARC детайли
000 -Лидер
Контролно поле с фиксирана дължина 01956nam a2200421 c 4500
003 - Код на организацията, давaща контролен номер
Контролно поле BLK
005 - Дата и час на последна редакция
Контролно поле 20240130110235.0
008 - Елементи от данни с фиксирана дължина
fixed length control field 180408b bul|||||r ||||||| ||bul||
010 ## - Наследен системен номер
LC control number KNG00049110000
020 ## - Международен стандартен номер на книга ISBN
Международен стандартен номер на книга ISBN 978-954-9882-97-1
-- издат.: Анхира
040 ## - Източник на каталожния запис
Идентификатор на билиотеката - собственик на записа BLK
041 ## - Код за език
Код за езика на текст/звукозапис или на отделно заглавие Български
Код за езика КДБФ Български
072 #7 - Код за тематичната категория
Код организация bullib
Код за тематична категория Н33
Текст Икономика Н
080 ## - УДК
Текстов определител УДК Икономическа психология. Икономическо поведение. Физиологични и психологични елементи. Интереси. Икономически дух
УДК код - определител по УДК 330.16
УДК определител (02.062)
УДК - код + определител 330.16(02.062)
080 ## - УДК
Текстов определител УДК Етика на бизнеса. Успех
УДК код - определител по УДК 174.4
УДК определител (02.062)
УДК - код + определител 174.4(02.062)
100 1# - Редна дума - Автор
Автор Кийосаки, Робърт Т.
Авторска отговорност първи автор
R(LIN) 280110
139 ## - Редно поле
Редна дума Кийосаки, Робърт Т.
Авторски знак Кес - К 53
245 10 - Сведения за заглавието
Заглавие Конспирацията на богатите
Подзаглавни данни Осемте нови правила на парите
Редно поле (дума) Робърт Т. Кийосаки; прев. Красимира Матева.
257 ## - Страна на издаване
Страна на създаване/издаване Съединени американски щати
260 ## - Област на издателските данни
-- София
Име на издателя, разпространителя и проч. Анхира
Година на издаване 2010
300 ## - Физическа характеристика
Страници 304 с.
Размери/Мащаб 22 см
380 ## - Жанр
Жанр Обществени науки
500 ## - Общи забележки
Забележка Ориг. загл. Conspiracy Of the Rich - The 8 New Ruls of Money / Robert T. Kiyosaki.
650 #4 - Допълнително описание по предмет – тема
Основно описание – тема или топоним Икономическо поведение - популярна литература
9 (RLIN) 263288
650 #4 - Допълнително описание по предмет – тема
Основно описание – тема или топоним Успех
9 (RLIN) 174913
650 #4 - Допълнително описание по предмет – тема
Основно описание – тема или топоним Бизнес - етични и социалнопсихологични проблеми
9 (RLIN) 255883
653 ## - Ключова дума – ненормативна
Ключова дума икономическо поведение
653 ## - Ключова дума – ненормативна
Ключова дума успех
653 ## - Ключова дума – ненормативна
Ключова дума бизнес поведение
659 ## - Тематичен бюлетин
Тематичен бюлетин Н
700 1# - Други автори (авторска отговорност)
Лично име Матева, Красимира
Автороска отговорност (Описва отношението между автора и произведението) прев.
9 (RLIN) 363624
852 ## - Местоположение
Форматна сигнатура Цб 254269
856 4# - Електронен адрес и достъп
Електронен формат pdf - файл
Път до файла /url/
856 4# - Електронен адрес и достъп
Електронен формат pdf - файл
Път до файла /url/
942 ## - АРТИКУЛИ
Вид на библиотечния материал Книги
Скрит в OPAC Не
Koha issues (borrowed), all copies 15
944 ## - СЪЗДАВАНЕ И РЕДАКЦИЯ на ЗАПИСА
Създаване/Редакция Създаване
Дата на регистрацията/редакция 06.01.2012
Статус, дата на статуса Минев Младен
Служител, извършил регистрацията/редакцията 30530
944 ## - СЪЗДАВАНЕ И РЕДАКЦИЯ на ЗАПИСА
Създаване/Редакция Редакция
Дата на регистрацията/редакция 23.05.2012
Статус, дата на статуса ф /
Служител, извършил регистрацията/редакцията
999 ## - СИСТЕМНИ КОНТРОЛНИ НОМЕРА
Koha biblionumber 45319
Koha biblioitemnumber 45319
Наличности
Код за отписване Код за изгубен артикул Източник на класификационната схема Код за повреда Коз за рестрикции Код за отдаване Артикулен № Име на библиотеката - собственик Име на библиотеката, в която се намира в момента Статус (Текущо местоположение) Дата на вписване в системата Местоположение - отдел Цена в лева Инвентарен номер Систематично азбучна сигнатура Баркод Номер на екземпляра Цена в евро Служебна бележка Служебен тип на артикула
Изтеглен Не е изгубен Universal Decimal Classification Не е повреден без рестрикции заемане за дома 71386 Регионална библиотека "Любен Каравелов" Русе Регионална библиотека "Любен Каравелов" Русе Заемна - подръчен фонд 2011-12-19 Заемна - подръчен фонд 13.00 120000755876 П 330.16/К 53 120000755876 1 6.65 Дост: Pk Вид: Ф N: 291 Дата: 15.12.2011 Книги
  Не е изгубен   Не е повреден без рестрикции заемане за дома 71387 Регионална библиотека "Любен Каравелов" Русе Регионална библиотека "Любен Каравелов" Русе Заемна - подръчен фонд 2012-05-23 Заемна - подръчен фонд 13.00 120000757761 П 330.16/К 53 120000757761 2 6.65 Дост: Pk Вид: Ф N: 279 Дата: 09.05.2012 Дата инв: 05.02.2018 Бележки инв: П2018 Книги
Vip Innovations Ltd, Rousse, Bulgaria 2025